Statystyki dla Najpopularniejsze zupy w Polsce

Kliknij tutaj aby rozwiązać quiz!

Ogólne statystyki

  • Ten quiz został rozwiązany 1 110 razy
  • Średni wynik to 8 z 13

Statystyki odpowiedzi

Odpowiadać% Poprawnych
Pomidorowa
98%
Rosół
97%
Ogórkowa
84%
Żurek
80%
Barszcz czerwony
71%
Barszcz biały
65%
Krupnik
60%
Grzybowa
57%
Jarzynowa
54%
Grochówka
39%
Fasolowa
33%
Flaki
31%
Chłodnik
15%

Rozkład punktacji

Percentyl według liczby udzielonych odpowiedzi

Procent ludzi z każdym wynikiem

Twoja historia wyników

Nie rozwiązałeś tego quizu